000 00256nam a2200109Ia 4500
008 200302s9999 xx 000 0 und d
100 _aAuthor
245 _aYoung Asian Fashion Designers
260 _bDaab Publishing, London
260 _c2008
300 _a380
999 _c4498
_d4498